000 00281nam a2200121Ia 4500
008 190216s9999||||xx |||||||||||||| ||und||
100 _aKapur S K
245 0 _aElements Of Practical Statistics
260 _bS Chand & Co
_c1971
300 _a441p
650 _aCommerce
942 _cBK
999 _c4718
_d4718